[Event "It (open) (w)"]
[Site "masterchessopen.com Moscow (Russia)"]
[Date "2012.02.02"]
[Round "6"]
[White "Tereshechkina Maya (RUS)"]
[Black "Karnaukhova Elmira (RUS)"]
[Result "0-1"]
[WhiteElo "2070"]
[BlackElo "2328"]

1.d4 Nf6 2.c4 g6 3.Nf3 Bg7 4.g3 O-O 5.Bg2 d6 6.Nc3 Nbd7 7.O-O e5 8.h3 c6 9.e4
exd4 10.Nxd4 Qb6 11.Re1 Ng4 12.hxg4 Bxd4 13.Re2 Be5 14.Be3 Qb4 15.Rc2 Nf6
16.Bf3 Be6 17.Be2 Bxc4 18.f4 Bxe2 19.Nxe2 Nxg4 20.Bd2 Qb6+ 21.Kg2 Qf2+ 22.Kh3
Qh2+ 23.Kxg4 Qh5# 0-1

[Event "Tournament (juniors) (under 20)"]
[Site "masterchessopen.com Guimaraes (Portugal)"]
[Date "2012.02.12"]
[Round "1"]
[White "Romano Luis Miguel Pereira C"]
[Black "Martinho Nuno Miguel De A"]
[Result "0-1"]
[WhiteElo "1815"]
[BlackElo "1773"]

1.Nf3 Nf6 2.d4 g6 3.c4 d6 4.Nc3 Bg7 5.g3 O-O 6.Bg2 Nbd7 7.O-O c6 8.e4 e5 9.h3
Re8 10.dxe5 Nxe5 11.Nxe5 dxe5 12.Be3 Be6 13.Qa4 Qd3 14.c5 Bf8 15.Rac1 h6 16.b3
Qd7 17.Rfd1 Qc7 18.Nd5 cxd5 19.exd5 Bd7 20.Qh4 g5 21.Qc4 Rad8 22.h4 g4 23.f3
gxf3 24.Bxf3 e4 25.Bf4 Qxc5+ 26.Qxc5 Bxc5+ 27.Rxc5 exf3 28.Bxh6 f2+ 29.Kg2 Re1
30.Kxf2 Rxd1 31.Bg5 Ne4+ {#R} 0-1

[Event "Ch Europe"]
[Site "masterchessopen.com Plovdiv (Bulgaria)"]
[Date "2012.03.30"]
[Round "10"]
[White "Donchenko Alexander (GER)"]
[Black "Pavlidis Antonios (GRE)"]
[Result "0-1"]
[WhiteElo "2294"]
[BlackElo "2431"]

1.c4 Nf6 2.Nf3 g6 3.Nc3 Bg7 4.g3 O-O 5.Bg2 d6 6.d4 Nbd7 7.O-O e5 8.e4 c6 9.h3
Qa5 10.Re1 exd4 11.Nxd4 Ne5 12.Bf1 Be6 13.Rb1 Bxc4 14.f4 Rad8 15.fxe5 dxe5
16.Bxc4 exd4 17.Na4 b5 18.e5 Nd5 19.Bxd5 Rxd5 20.Nc5 Qxa2 21.Qb3 Qxb1 22.Nd3
Qa1 23.Nb4 Rxe5 {#R} 0-1

[Event "It (open)"]
[Site "masterchessopen.com Deizisau (Germany)"]
[Date "2012.04.07"]
[Round "4"]
[White "Erdos Viktor (HUN)"]
[Black "Armbruster Alexander (GER)"]
[Result "1-0"]
[WhiteElo "2634"]
[BlackElo "2325"]

1.d4 d6 2.Nf3 g6 3.c4 Bg7 4.g3 Nf6 5.Nc3 O-O 6.Bg2 Nbd7 7.O-O c6 8.e4 e5 9.h3
Re8 10.Be3 Qc7 11.Qc2 b6 12.d5 cxd5 13.cxd5 Bb7 14.Rfc1 Rac8 15.Nd2 Qb8 16.Qd1
h5 17.a4 a5 18.Bf1 Nc5 19.Rab1 Nfd7 20.b4 axb4 21.Rxb4 Bf8 22.Nc4 Ba6 23.Nxb6
Bxf1 24.Qxf1 Nxb6 25.a5 Qa8 26.axb6 Qa3 27.Rbb1 Rb8 28.Qc4 Rec8 29.Nb5 Qa6
30.Na7 {#r} 1-0

[Event "It (open)"]
[Site "masterchessopen.com La Roda (Spain)"]
[Date "2012.04.07"]
[Round "7"]
[White "Serna Lara Sergio (ESP)"]
[Black "Movsziszian Karen (ARM)"]
[Result "0-1"]
[WhiteElo "2230"]
[BlackElo "2483"]

1.d4 d6 2.Nf3 Nf6 3.c4 g6 4.g3 Bg7 5.Bg2 O-O 6.Nc3 c6 7.O-O Nbd7 8.e4 e5 9.h3
Qb6 10.Re1 exd4 11.Nxd4 Ne8 12.Nb3 a5 13.Be3 Qb4 14.Nd4 Qxb2 15.Na4 Qa3 16.Rb1
Ne5 17.Nb6 Rb8 18.Re2 a4 19.Qe1 Nc7 20.Rd1 Ne6 21.Nc2 Qb2 22.Nxc8 Rbxc8
23.Rxd6 Qxa2 {#R} 0-1

[Event "It (open) (juniors)"]
[Site "masterchessopen.com Vrnjacka Banja (Serbia)"]
[Date "2012.04.10"]
[Round "1"]
[White "Kiproski Branislav"]
[Black "Farkas Sandor (SVK)"]
[Result "1-0"]
[WhiteElo "1999"]
[BlackElo "1817"]

1.d4 g6 2.Nf3 Bg7 3.g3 Nf6 4.Bg2 O-O 5.O-O d6 6.c4 Nbd7 7.Nc3 c6 8.e4 e5 9.h3
Ne8 10.Be3 Qe7 11.Qc2 f5 12.exf5 gxf5 13.Rfe1 Qf7 14.dxe5 dxe5 15.Ng5 Qg6
16.c5 h6 17.Nf3 e4 18.Nh4 Qf7 19.f3 exf3 20.Nxf3 Ne5 21.Nxe5 Bxe5 22.Bxh6 Bxg3
23.Re3 f4 24.Rxg3+ fxg3 25.Bxf8 Qxf8 26.Qg6+ Ng7 27.Ne4 Bf5 28.Nf6+ Kh8
29.Qh6+ {#r} 1-0

[Event "Ch England (team) 2011/12 (3 div)"]
[Site "masterchessopen.com England"]
[Date "2012.05.06"]
[Round "10"]
[White "Marley Andrew SG"]
[Black "Ruthen Stephen W (ENG)"]
[Result "0-1"]
[WhiteElo "1931"]
[BlackElo "2055"]

1.d4 Nf6 2.Nf3 g6 3.c4 Bg7 4.g3 d6 5.Bg2 O-O 6.O-O Nbd7 7.Nc3 e5 8.e4 c6 9.h3
Re8 10.d5 cxd5 11.cxd5 Nc5 12.Ne1 a5 13.Be3 b6 14.f3 Ba6 15.Rf2 Nh5 16.Kh2 f5
17.exf5 gxf5 18.f4 exf4 19.Bxf4 Nxf4 20.Rxf4 Rf8 21.Qh5 Qf6 22.Nc2 Nd3 23.Rh4
Qg6 24.Qf3 f4 25.Ne4 Ne5 26.Qa3 Bd3 27.gxf4 Bxe4 28.Bxe4 Qxe4 29.Qxd6 Qxc2+
30.Kg3 Qd3+ 31.Kg2 Qe4+ {#R} 0-1

[Event "Ch England (team) 2011/12 (3 div)"]
[Site "masterchessopen.com England"]
[Date "2012.05.06"]
[Round "10"]
[White "Taylor Adam A (ENG)"]
[Black "Agnew Alan (ENG)"]
[Result "0-1"]
[WhiteElo "1869"]
[BlackElo "2049"]

1.Nf3 g6 2.c4 Bg7 3.d4 d6 4.g3 Nf6 5.Nc3 O-O 6.Bg2 Nbd7 7.O-O e5 8.e4 c6 9.h3
exd4 10.Nxd4 Qb6 11.b3 Nxe4 12.Nxe4 Bxd4 13.Rb1 d5 14.cxd5 cxd5 15.Ng5 Ne5
16.Bxd5 Rd8 17.Nf3 Rxd5 18.Nxd4 Qxd4 {#R} 0-1

[Event "Ch World (blitz) (w)"]
[Site "masterchessopen.com Batumi (Georgia)"]
[Date "2012.06.05"]
[Round "9"]
[White "Gaprindashvili Nona (GEO)"]
[Black "Janjgava Natia (GEO)"]
[Result "1-0"]
[WhiteElo "2356"]
[BlackElo "2306"]

1.d4 Nf6 2.c4 g6 3.g3 Bg7 4.Bg2 O-O 5.Nf3 d6 6.Nc3 c6 7.O-O Nbd7 8.e4 e5 9.h3
Re8 10.Be3 exd4 11.Nxd4 Nc5 12.Qc2 a5 13.Rad1 Qc7 14.b3 Bd7 15.g4 Rad8 16.Bf4
Be6 17.Rd2 h5 18.g5 Nh7 19.Rfd1 Be5 20.Be3 Qc8 21.Nxe6 Qxe6 22.Bxc5 Nxg5 23.h4
Nh3+ 24.Kf1 Nf4 25.Be3 Nxg2 26.Kxg2 Qf6 27.Bg5 {#r} 1-0

[Event "It \"]
[Site "masterchessopen.com Bad Homburg (Germany)"]
[Date "2012.06.08"]
[Round "4"]
[White "Hebbering Tom Elliot (GER)"]
[Black "Sakulski Bernard (ESP)"]
[Result "1-0"]
[WhiteElo "1929"]
[BlackElo "2032"]

1.d4 Nf6 2.c4 g6 3.g3 Bg7 4.Bg2 O-O 5.Nc3 c6 6.e4 d6 7.Nf3 Nbd7 8.O-O e5 9.h3
Re8 10.Qc2 Qb6 11.Be3 Qa6 12.b3 b5 13.dxe5 dxe5 14.cxb5 cxb5 15.a4 bxa4
16.Rxa4 Qc6 17.Rc4 Qb7 18.Nd5 Nxd5 19.exd5 Qb8 20.Rc7 Bf8 21.Qc6 Rd8 22.Ng5
Nb6 23.Rxf7 Bh6 24.Rxh7 Bg7 25.Qxg6 Rd7 26.Rh8+ {#r} 1-0

[Event "Ch Greece (juniors)"]
[Site "masterchessopen.com Achaea (Greece)"]
[Date "2012.06.26"]
[Round "4"]
[White "Noutsos S"]
[Black "Papakonstantinou Dimitrios (GRE)"]
[Result "0-1"]
[WhiteElo "1925"]
[BlackElo "2114"]

1.d4 Nf6 2.c4 g6 3.g3 Bg7 4.Bg2 O-O 5.Nc3 d6 6.Nf3 Nbd7 7.O-O e5 8.e4 c6 9.h3
Qb6 10.c5 dxc5 11.dxe5 Ne8 12.Qc2 Qc7 13.Be3 b6 14.e6 fxe6 15.Ng5 Ne5 16.f4 h6
17.fxe5 hxg5 18.Rxf8+ Kxf8 19.Rf1+ Kg8 20.Bxg5 Bxe5 21.Qf2 Bd4 22.Be3 Bxe3
23.Qxe3 e5 24.Qg5 Qg7 25.Qd8 Qd7 26.Qg5 Qg7 27.Qd8 Bb7 28.Qd3 Qe7 29.Qc4+ Kg7
30.Qe2 Nc7 31.h4 Ba6 {#R} 0-1

[Event "It (open)"]
[Site "masterchessopen.com Condom (France)"]
[Date "2012.07.14"]
[Round "1"]
[White "Anton Teodor (ROM)"]
[Black "Labat Jory (FRA)"]
[Result "1-0"]
[WhiteElo "2423"]
[BlackElo "2034"]

1.d4 Nf6 2.c4 g6 3.Nf3 Bg7 4.g3 O-O 5.Bg2 d6 6.O-O Nbd7 7.Nc3 c6 8.e4 e5 9.h3
Re8 10.Re1 Qc7 11.Qc2 Nf8 12.Be3 Nh5 13.Rad1 f5 14.c5 f4 15.cxd6 Qd8 16.Bc1
exd4 17.g4 dxc3 18.gxh5 Qa5 19.e5 Bxe5 20.b4 {#r} 1-0

[Event "Cup Nana Aleksandria"]
[Site "masterchessopen.com Poti (Georgia)"]
[Date "2012.07.19"]
[Round "7"]
[White "Tkebuchava Gocha (GEO)"]
[Black "Gharibyan K"]
[Result "1-0"]
[WhiteElo "2318"]
[BlackElo "2147"]

1.d4 Nf6 2.Nf3 g6 3.g3 Bg7 4.Bg2 O-O 5.c4 d6 6.Nc3 Nbd7 7.O-O e5 8.e4 c6 9.h3
Re8 10.Re1 Qb6 11.b3 exd4 12.Na4 Qd8 13.Nxd4 d5 14.exd5 Rxe1+ 15.Qxe1 cxd5
16.cxd5 Nxd5 17.Bb2 N7f6 18.Rd1 Bd7 19.Bxd5 Bc6 20.Ne6 Qe7 21.Nxg7 Qxe1+
22.Rxe1 Kxg7 23.Bxc6 bxc6 24.Rc1 {#r} 1-0

[Event "It \"]
[Site "masterchessopen.com Helsingor (Denmark)"]
[Date "2012.07.29"]
[Round "2"]
[White "Rasmussen Morten (DEN)"]
[Black "Jensen Jonbert M S (DEN)"]
[Result "1-0"]
[WhiteElo "1893"]
[BlackElo "1632"]

1.d4 Nf6 2.c4 g6 3.g3 Bg7 4.Bg2 O-O 5.Nc3 c6 6.e4 d6 7.Nf3 Nbd7 8.O-O e5 9.h3
Re8 10.Re1 exd4 11.Nxd4 Ne5 12.b3 Be6 13.f4 Nh5 14.fxe5 Bxe5 15.g4 Ng3 16.Be3
c5 17.Nxe6 Rxe6 18.Rc1 Bxc3 19.Rxc3 Nxe4 20.Rd3 Qe7 21.Bf4 Re8 22.Bxe4 Rxe4
23.Rxe4 Qxe4 24.Re3 Qc6 25.Qxd6 Rxe3 26.Qxc6 bxc6 27.Bxe3 f5 28.gxf5 gxf5
29.Bxc5 a6 30.Kf2 Kf7 31.Kf3 {#r} 1-0

[Event "It (open)"]
[Site "masterchessopen.com Riga (Latvia)"]
[Date "2012.08.07"]
[Round "3"]
[White "Fridman Daniel (GER)"]
[Black "Hendriks Willy (NED)"]
[Result "1-0"]
[WhiteElo "2655"]
[BlackElo "2422"]

1.d4 Nf6 2.Nf3 g6 3.c4 Bg7 4.Nc3 O-O 5.g3 d6 6.Bg2 Nbd7 7.O-O e5 8.e4 c6 9.h3
a5 10.Be3 a4 11.Qc2 Qa5 12.Rfe1 exd4 13.Nxd4 Ne5 14.Nce2 d5 15.cxd5 cxd5
16.Bd2 Qd8 17.exd5 Nxd5 18.Rad1 Ra6 19.Nf4 Nxf4 20.Bxf4 Rd6 21.Qxa4 Bxh3
22.Bxe5 Bxe5 23.Rxe5 {#r} 1-0

[Event "Memorial Izmailov (open)"]
[Site "masterchessopen.com Tomsk (Russia)"]
[Date "2012.08.12"]
[Round "6"]
[White "Gritsenko Andrey (RUS)"]
[Black "Loskutov Oleg (RUS)"]
[Result "1-0"]
[WhiteElo "2409"]
[BlackElo "2420"]

1.d4 Nf6 2.c4 g6 3.g3 Bg7 4.Bg2 O-O 5.Nc3 d6 6.Nf3 Nbd7 7.O-O e5 8.e4 c6 9.h3
Qb6 10.Re1 exd4 11.Nxd4 Re8 12.Re2 Qb4 13.Rc2 a5 14.b3 Nc5 15.Ncb5 a4 16.Bd2
axb3 17.Bxb4 bxc2 18.Qxc2 cxb5 19.Nxb5 Nfxe4 20.Re1 Bf5 21.g4 Nc3 22.Rxe8+
Rxe8 23.gxf5 Re2 24.Qc1 Nd3 25.Qf1 Nxb4 26.Nxc3 Rd2 27.f6 {#r} 1-0

[Event "It \"]
[Site "masterchessopen.com San Cristobal (Venezuela)"]
[Date "2012.09.25"]
[Round "1"]
[White "Dobrov Vladimir (RUS)"]
[Black "Condori Edwin (PER)"]
[Result "1-0"]
[WhiteElo "2481"]
[BlackElo "2196"]

1.d4 Nf6 2.c4 g6 3.g3 Bg7 4.Bg2 O-O 5.Nc3 d6 6.Nf3 Nbd7 7.O-O e5 8.h3 c6 9.e4
a5 10.Be3 Re8 11.Qc2 a4 12.Rad1 Qa5 13.Rfe1 exd4 14.Nxd4 Nc5 15.Bf4 Ne6
16.Nxe6 Bxe6 17.Bxd6 Bxc4 18.e5 Nd7 19.f4 f6 20.Re4 Bf7 21.Kh2 Nc5 22.Ree1 a3
23.exf6 Bxf6 24.b4 Qxb4 25.Ne4 Rxe4 26.Rxe4 {#r} 1-0

[Event "Cup European Club (w)"]
[Site "masterchessopen.com Eilat (Israel)"]
[Date "2012.10.14"]
[Round "4"]
[White "Kashlinskaya Alina (RUS)"]
[Black "Vardi Shlomit (ISR)"]
[Result "1-0"]
[WhiteElo "2368"]
[BlackElo "2010"]

1.d4 Nf6 2.c4 g6 3.Nf3 Bg7 4.g3 O-O 5.Bg2 d6 6.Nc3 Nbd7 7.O-O c6 8.e4 e5 9.h3
exd4 10.Nxd4 a5 11.Be3 Nc5 12.e5 dxe5 13.Nxc6 Qxd1 14.Rfxd1 Ncd7 15.Ne7+ Kh8
16.Nb5 Rb8 17.Nd6 h5 18.Nexc8 Rbxc8 19.Nxc8 Rxc8 20.Bxb7 Rxc4 21.Bd5 Rc2
22.Bxf7 Kh7 23.Rac1 Rxb2 24.Rc7 Nb6 25.Rb7 Nc4 26.Rxb2 Nxb2 27.Rd2 Na4 28.Rc2
Nd7 29.Bb3 Nab6 30.Rc6 a4 31.Be6 {#r} 1-0